01739cam a2200337 i 4500001001000000003001000010005001700020007000300037008004100040010001500081020001800096040010500114041001300219042000800232082001800240100003600258240002300294245010600317264005300423264001200476300002800488336002800516337003400544338002900578500003500607504005100642505064200693563001401335650001801349700003401367768714001CO-MdFUSB20210429125234.0ta120521t2012 mnu b 001 0 eng  a2012020860 a9780814680582 aDLCbengcCO-MdFUSBdYDXdCO-MdFUSBdBTCTAdYDXCPdOCLCOdBWXdCDXdOXFdNNGdYUSdITCdUtOrBLWerda1 aenghger apcc 223a232bL8331 aLohfink, Gerhard,d1934-eautor10aJesus von Nazaret.10aJesus of Nazareth :bwhat He wanted, who He was c/ Gerhard Lohfink ; traducido por Linda M. Maloney. 1aCollegeville, Minn. :bLiturgical Press,c[2012] 4c©2012. a391 páginas ;c24 cm. atextobtxt2rdacontent. asin mediaciónbn2rdamedia. avolumenbnc2rdacarrier. a"Un libro de Michael Glazier". aIncluye referencias bibliográficas e indice. aEl llamado Jesús histórico - La proclamación del reinado de Dios - El reinado de Dios y el pueblo de Dios - La reunión de Israel - El llamado al discipulado - Las muchas caras de ser llamado - Jesús ' parábolas - Jesús y el mundo de los signos - Los milagros de Jesús - Advertencia sobre el juicio -Jesús y el Antiguo Testamento - Jesús y la Torá - La vida de Jesús: vivir incondicionalmente - La fascinación del reino de Dios - Decisión en Jerusalén - Morir por Israel - Su último día - Los eventos de Pascua - El reclamo soberano de Jesús - La respuesta de la iglesia - El reino de Dios: ¿utopía? aRústico 7aCristología1 aMaloney, Linda M.,etraductor